Ingeniería ambiental; Fundamentos, entornos, tecnologías, y sistema de gesrtión
| Main Author: | |
|---|---|
| Format: | Section = Libro |
| Language: | Undetermined Spanish |
| Published: |
España
McGraw-Hill
1999
|
| Subjects: |
| LEADER | 00548nam a2200193Ia 4500 | ||
|---|---|---|---|
| 008 | 240830s9999 xx 000 0 und d | ||
| 020 | |a 84-481-2039-6 | ||
| 040 | |a CEDOC FIQ-RUSB / 333.7 K47 | ||
| 041 | |a spa | ||
| 082 | |a 333.7 K47 | ||
| 100 | 1 | |a Kiely, Gerard | |
| 245 | 1 | 0 | |a Ingeniería ambiental; Fundamentos, entornos, tecnologías, y sistema de gesrtión |
| 260 | |a España |b McGraw-Hill |c 1999 | ||
| 300 | |a 1335 p. :il | ||
| 650 | 7 | |a INGENIERIA AMBIENTAL | |
| 650 | 7 | |b QUIMICA Y MICROBIOLOGIA | |
| 942 | |c BK |2 ddc | ||
| 991 | |a TEXTO | ||
| 999 | |c 13467 | ||